[Event "Wroclaw Radzikowska Blitz op"]
[Site "Wroclaw"]
[Date "2022.11.04"]
[Round "1"]
[White "Burakowski, Marek"]
[Black "Jakubowski, Krzysztof"]
[Result "0-1"]
[WhiteElo "1709"]
[BlackElo "2474"]
[PlyCount "88"]
[EventDate "2022.11.04"]
[EventType "swiss (blitz)"]
[EventRounds "11"]
[EventCountry "POL"]
[SourceTitle "EXT 2024"]
[Source "ChessBase"]
[SourceDate "2023.10.10"]
[SourceVersion "1"]
[SourceVersionDate "2023.10.10"]
[SourceQuality "1"]

1. e4 c5 2. Nf3 e6 3. Bc4 a6 4. c3 b5 5. Bb3 Bb7 6. d3 Nc6 7. Be3 Nf6 8. h3 d6 9. Nbd2 Be7 10. d4 cxd4 11. cxd4 0-0 12. Rc1 Rc8 13. a3 Na5 14. Bc2 Nc4 15. Nxc4 Rxc4 16. b3 Rxc2 17. Rxc2 Bxe4 18. Ra2 Nd5 19. Qd2 Bxf3 20. gxf3 Qa8 21. Rg1 f5 22. b4 Rc8 23. Bg5 Bf8 24. Rc2 Nb6 25. Bf6 Nc4 26. Qg5 Rc7 27. Qg3 Rf7 28. Bg5 Qd5 29. Be3 f4 30. Bxf4 Qxd4 31. Be3 Nxe3 32. fxe3 Qxe3+ 33. Re2 Qxa3 34. Kf2 e5 35. Qg4 Qb3 36. h4 Rf4 37. Qg3 Qxb4 38. h5 Qd4+ 39. Kg2 h6 40. Rc1 Rf5 41. Re4 Qd2+ 42. Qf2 Rg5+ 43. Kh3 Qxf2 44. Rg4 Qxf3+ 0-1

[Event "POL Region-ch U17"]
[Site "Szczyrk"]
[Date "2012.10.21"]
[Round "1.3"]
[White "Burakowski, Marek"]
[Black "Szusterowski, Przemyslaw"]
[Result "0-1"]
[WhiteElo "1701"]
[BlackElo "1949"]
[PlyCount "128"]
[EventDate "2012.10.14"]
[EventType "swiss"]
[EventRounds "9"]
[EventCountry "POL"]
[SourceTitle "EXT 2023"]
[Source "ChessBase"]
[SourceDate "2022.10.05"]
[SourceVersion "1"]
[SourceVersionDate "2022.10.05"]
[SourceQuality "1"]

1. e4 c5 2. Nf3 d6 3. d4 cxd4 4. Nxd4 Nf6 5. Nc3 a6 6. Bd3 e6 7. Bg5 Be7 8. 0-0 0-0 9. Kh1 b5 10. a3 Bb7 11. f3 Nbd7 12. Qe2 Rc8 13. Rac1 Ne5 14. Rfd1 Qc7 15. Na2 Nc4 16. c3 Qc5 17. Bh4 Qh5 18. Bg3 Qh6 19. Bf2 Nh5 20. g3 Bg5 21. Rc2 Ne3 22. f4 Nxd1 23. Qxd1 Be7 24. Kg1 Nf6 25. Qf3 Qh5 26. Kg2 Qxf3+ 27. Kxf3 g6 28. Nb3 d5 29. e5 Nd7 30. Bd4 Nc5 31. Nxc5 Bxc5 32. Ke3 Bxd4+ 33. Kxd4 Kg7 34. h4 f6 35. Nc1 fxe5+ 36. Kxe5 d4 37. Kxd4 Rfd8+ 38. Ke3 Bd5 39. Ne2 Kf6 40. g4 e5 41. Ng3 exf4+ 42. Kxf4 Rf8 43. Ne4+ Kg7+ 44. Kg3 Rce8 45. Re2 Bc4 46. Bxc4 bxc4 47. g5 Rf5 48. Kg4 h5+ 49. Kg3 Re6 50. Kg2 Rf4 51. Rd2 Rfxe4 52. Rd7+ Re7 53. Rd6 Re2+ 54. Kf3 Rxb2 55. Rc6 Rb3 56. Rxc4 Rxa3 57. Rc8 Ra1 58. c4 Rf1+ 59. Kg2 Rf4 60. Kg3 Rg4+ 61. Kf3 Rxh4 62. Ra8 Rxc4 63. Rxa6 Rb7 64. Ra3 h4 0-1

[Event "POL Region-ch U17"]
[Site "Szczyrk"]
[Date "2012.10.21"]
[Round "7.3"]
[White "Jachym, Adam"]
[Black "Burakowski, Marek"]
[Result "1-0"]
[WhiteElo "1922"]
[BlackElo "1701"]
[PlyCount "131"]
[EventDate "2012.10.14"]
[EventType "swiss"]
[EventRounds "9"]
[EventCountry "POL"]
[SourceTitle "EXT 2023"]
[Source "ChessBase"]
[SourceDate "2022.10.05"]
[SourceVersion "1"]
[SourceVersionDate "2022.10.05"]
[SourceQuality "1"]

1. e4 e5 2. Nf3 Nc6 3. Bb5 a6 4. Ba4 d6 5. 0-0 Bd7 6. c3 Nf6 7. Re1 Be7 8. d4 h6 9. Nbd2 b5 10. Bc2 Bg4 11. h3 Bh5 12. g4 Nxg4 13. hxg4 Bxg4 14. d5 Na5 15. Nf1 h5 16. Qd3 g5 17. N3h2 Qd7 18. Nxg4 Qxg4+ 19. Qg3 Qxg3+ 20. Nxg3 g4 21. a4 h4 22. Nf5 Kd7 23. axb5 Nc4 24. Rxa6 Rag8 25. Ra7 Bd8 26. Bd3 Nb6 27. Be2 g3 28. fxg3 hxg3 29. Bf1 Nc8 30. Ra8 Ne7 31. Nh6 Rg7 32. Bh3+ Ke8 33. Be3 Rxh6 34. Bxh6 Rh7 35. Rea1 Rxh6 36. Rxd8+ Kxd8 37. Ra8+ Nc8 38. Rxc8+ Ke7 39. Rxc7+ Kf6 40. Bg2 Rh8 41. b6 Rb8 42. Rc6 Ke7 43. Bh3 Kf6 44. Rxd6+ Kg5 45. Kg2 Kf4 46. c4 Kxe4 47. Kxg3 f5 48. Bg2+ Ke3 49. Rg6 e4 50. Bxe4 fxe4 51. Kg4 Kd4 52. b3 e3 53. Re6 e2 54. Rxe2 Rxb6 55. Rd2+ Kc3 56. Rd1 Kc2 57. Rh1 Kb2 58. Rh3 Ka3 59. Kf5 Kb4 60. Rd3 Rd6 61. Ke5 Rd8 62. d6 Kc5 63. d7 Kc6 64. Ke6 Kb7 65. Ke7 Kc7 66. b4 1-0